MDQL
is popping MORE tags! Check the
thread
!
Quizzes
Events
Quiz Creation
Community
Videos
Private Events
Remove Ads
Sign In
Join for FREE
Feedback
Dark Mode
Quiz Categories
Sports
Geography
Music
Movies
Television
Just For Fun
Miscellaneous
History
Literature
Language
Science
Gaming
Entertainment
Religion
Holiday
For Kids
Quiz Lab
Recent
Popular Today
Quiz Kudos Today
Editor Picks
Curator Picks
Quizzes by...
Day
Popularity
Type
Ratings
Length
Year
Community
Subscriptions
Recent Discussions
Orange Saloon
Badges
Playlists
Quests
Create
Leaderboards
Showdown
Live 5
Trivia Bingo
Activity
Puzzle Library
Sporcle Events
Private Events
Virtual Trivia
Globe League
Become a Host
Pub Owners
SporcleCon
Opinionation
Our Games
Videos
Blog
Mobile Apps
Partnerships
Remove Ads and Go Orange
Feedback
Gaming
Video Games
Board Games
Card Games
Pokémon
Mario
Nintendo
Minecraft
Console
Toys
Legend of Zelda
Gaming
Video Games
Board Games
Card Games
Pokémon
Mario
Nintendo
Minecraft
Console
Toys
Legend of Zelda
Random Quiz
Search Sporcle
×
Quiz Lab
Quiz Lab
Gaming
Minecraft
Type in answers that appear in a list
Type in answers that appear in a list
Classic
Best Score? Go Orange.
Name All Minecraft Famouse Youtuber Stats
Can you name the Name All Minecraft Famouse Youtuber
By
rhymuanwar3
10m
12 Questions
95 Plays
95 Plays
95 Plays
Comments
Comments
Give Quiz Kudos
Give Quiz Kudos
-
- Ratings
hide this ad
More Info
Replay
Link that replays current quiz
Next Quiz
Link to next quiz in quiz playlist
You Got
0%
They Got
Avg Score
34%
Avg Friend Score
Upgrade to see
Score Distribution
Jump to the score distribution portion of the page
Score
0/12
Timer
10:00
0
Plays Today
Hint
Answer
% Correct
SkydoesMinecraft
88.4%
Deadlox
49.5%
Minecraft Universe
43.2%
Team Crafted
42.1%
BlueMonkey
40%
CaptainSparklez
34.7%
PopularMMos
33.7%
WeedLion
24.2%
iHasCupquake
23.2%
TheDiamondMinecart
21.1%
Element Animation
11.6%
TheYogscast
3.2%
Quiz Playlist
Details
Report
Send in Message
Add To Playlist
More Info:
Name All Famouse Minecraft YOUTUBERS
Classic:
Type in answers that appear in a list
Last Updated: Feb 16, 2017
Quiz Scoreboard
CHALLENGE
Sign Up to Join the Scoreboard
Show All
Scores
Hide
Comments
May contain spoilers
Recently Published
Holiday 10x10 Sorting Gallery
by lukepisani3
Holiday
15m
Two Season TV Shows II
by 123Four
Television
10m
Image Sorting: Flags VI
by Barbecue
Geography
2m
More to Explore
Quiz From the Vault
Featured Blog Post
14 Easter Pick-up Lines to Find Eggs With
hide this ad
You Might Also Like...
Tags
Minecraft Quiz
Today's Top Quizzes in Gaming
Browse Gaming
hide this ad
Today's Top Quizzes in Minecraft
Browse Minecraft
Top Contributed Quizzes in Gaming
1
League of Legends Pro Players by Career/Team History
2
Genshin Impact Logic Puzzle
3
Destiny 2 exotic weapons by perk icons
4
Genshin Impact Logic Puzzle Quiz
5
Genshin murder mystery
6
4x4 Decades: Video Games
7
Who's on the WWE 2K24 Cover?
8
Ultimate Genshin Impact Logic Puzzle (up to 4.3)
9
Dead By Daylight Logic Puzzle
10
Undertale Logic Puzzle
Explore More
Trending Topics
Crossword
Disney
Anime
NBA
Kpop
Harry Potter
Marvel
Pokémon
Song
Puzzle
The Office
NFL
Country
Soccer
WWE
hide this ad
More By:
rhymuanwar3
Quiz
Plays
Rating
Category
Featured
Created
The Questions of Minecraft
107
1.00
Gaming
Jul 26, 2014
Name All Minecraft Famouse Youtuber
95
1.00
Gaming
Jul 26, 2014
Go to Creator's Profile
Score Distribution
Quiz Creator Spotlight
rhymuanwar3
Follow
Send a Message
Quizzes Created
-
Created Quiz Play Count
-
More By This Creator
Popular Quizzes Today
1
Find the US States - No Outlines Minefield
2
Colored Red Africa Blitz
3
Find the 'City' Movie
4
The Countries of the World
5
5x2 Blitz: Bands
6
Find the US States
7
Find the Countries of Europe - No Outlines Minefield
8
US States
More Gaming Quizzes
Across No-Man's-Land
Curator's Pick
Trending Quizzes
Colored Red Europe Blitz I
Colored Red Europe Blitz II
Colored Red Africa Blitz II
Colored Red Europe Blitz III
Colored Red Africa Blitz III
Recently Updated
Odd Team Out - Big 4 Players
pecheneg
Quick Pick: 20 Twenties
pecheneg
March Madness Men's Triple Doubles
pecheneg
How Do You Spell That?
pecheneg
Godzilla Movies
pecheneg
Grab Bag: 4-10 Letters
pecheneg
2024 March Madness Bracket
pecheneg
Famous TV Couples
Peacemaker
Champions League XIs: Real Madrid
pecheneg
Largest US Cities 1790-2010
pecheneg
Trending Topics
Marvel
Kpop
NBA
Harry Potter
Anime
Disney
Crossword
Song
Puzzle
The Office
Pokémon
Country
WWE
NFL
Soccer
Your Account Isn't Verified!
In order to create a playlist on Sporcle, you need to verify the email address you used during registration. Go to your
Sporcle Settings
to finish the process.
Report this User
Report this user for behavior that violates our
Community Guidelines
.
Details:
Send Report
Go to the Sporcle.com Mobile Site →
Comments